Chargement en cours...
Summated rating scale construction : an introduction /
| Auteur principal: | |
|---|---|
| Format: | Printed Book |
| Publié: |
Newbury Park, Calif. :
Sage Publications,
c1992.
|
| Collection: | Sage university papers series. Quantitative applications in the social sciences ;
no. 07-082 |
| Sujets: | |
| Accès en ligne: | Publisher description Table of contents only Contributor biographical information |
| LEADER | 01275pam a2200241 a 4500 | ||
|---|---|---|---|
| 010 | |a 91036161 | ||
| 020 | |a 0803943415 : |c $8.50 | ||
| 082 | 0 | 0 | |a 300/.72 |2 20 |
| 100 | 1 | |a Spector, Paul E. | |
| 245 | 1 | 0 | |a Summated rating scale construction : |b an introduction / |c Paul E. Spector. |
| 260 | |a Newbury Park, Calif. : |b Sage Publications, |c c1992. | ||
| 300 | |a vi, 72 p. : |b ill. ; |c 22 cm. | ||
| 440 | 0 | |a Sage university papers series. |p Quantitative applications in the social sciences ; |v no. 07-082 | |
| 650 | 0 | |a Scaling (Social sciences) | |
| 942 | |2 ddc |c BK | ||
| 504 | |a Includes bibliographical references (p. 71-72). | ||
| 856 | 4 | 2 | |3 Publisher description |u http://www.loc.gov/catdir/enhancements/fy0655/91036161-d.html |
| 856 | 4 | 1 | |3 Table of contents only |u http://www.loc.gov/catdir/enhancements/fy0655/91036161-t.html |
| 856 | 4 | 2 | |3 Contributor biographical information |u http://www.loc.gov/catdir/enhancements/fy0738/91036161-b.html |
| 906 | |a 7 |b cbc |c orignew |d 1 |e ocip |f 19 |g y-gencatlg | ||
| 955 | |a pc05 to bg00 09-12-91; bg03 to SCD 09-13-91; fe12 09-16-91; fp20 09-19-91; CIP ver. br02 to SL 01-14-92 | ||
| 999 | |c 149837 |d 149837 | ||
| 952 | |0 0 |1 0 |4 0 |6 300_000000000000000__72_SPE_S |7 0 |9 160130 |a MCJ |b MCJ |c ST1 |d 2012-05-14 |i 1256 |l 0 |o 300/.72 SPE/S |p MCJ1256 |r 2014-06-21 |w 2014-06-21 |y BK | ||